LIBRARY & INFORMATION CENTRE, KCAET, TAVANUR

ONLINE PUBLIC ACCESS CATALOGUE (OPAC)

Sankara Kuruppu vimarshikkapedunnu / (Record no. 6533)

MARC details
000 -LEADER
fixed length control field 00402cam a2200145ua 4500
041 ## - LANGUAGE CODE
Language code of text/sound track or separate title mal
082 ## - DEWEY DECIMAL CLASSIFICATION NUMBER
Classification number 894.81209
Item number SUK/SA
100 ## - MAIN ENTRY--AUTHOR NAME
Personal name Sukumar , Azheekkodu .
245 ## - TITLE STATEMENT
Title Sankara Kuruppu vimarshikkapedunnu /
260 ## - PUBLICATION, DISTRIBUTION, ETC. (IMPRINT)
Place of publication Calicut :
Name of publisher Navakerala Co-operative publishing ,
Year of publication 1963.
300 ## - PHYSICAL DESCRIPTION
Number of Pages 189 ; .
942 ## - ADDED ENTRY ELEMENTS (KOHA)
Koha item type Books
Holdings
Withdrawn status Lost status Damaged status Home library Current library Date acquired Full call number Accession Number Koha item type Public note
Withdrawn     KAUAET Malayalam University 07/04/2012 894.81209 8105 Books Transferred to Malayalam University
free website counter